Petición de pago de parte de Lorenzo Lopez hacia al gobernador de Puerto Rico Juan de Aro

Detalles Bibliográficos
Otros Autores: Lorenzo López
Formato: Libro
Publicado: s.l., s.f.
Materias:
Colección:Banco de datos
Acervo:Biblioteca Palafoxiana. Colección de Manuscritos
Descripción Física:5 f. ; 21 x 30 cm.
Tema general:Civil
LEADER 00418nam a22001450004500
035 |a 791 
245 1 0 |a Petición de pago de parte de Lorenzo Lopez hacia al gobernador de Puerto Rico Juan de Aro 
260 |a s.l., s.f. 
300 |a 5 f. ; 21 x 30 cm. 
650 1 0 |a Civil 
700 1 |a Lorenzo López 
949 |a 19678/004 
942 |c PALAMANU 
943 |g Biblioteca Palafoxiana. Colección de Manuscritos 
999 |c 1068736  |d 1068736